A xing xiaosheng 7989 (Record no. 2078)

MARC details
000 - LÍDER
campo de control de longitud fija 01335nam a2200217Ia 4500
008 - ELEMENTOS DE DATOS DE LONGITUD FIJA - INFORMACIÓN GENERAL
campo de control de longitud fija 000000[1990?] sp a 0000000000spa00
090 ## - NÚMERO DE LLAMADA DE TIPO LC LOCALMENTE ASIGNADO (OCLC)
Número de clasificación (OCLC) (R) PSP00 B67a
100 1# - ENTRADA PRINCIPAL - NOMBRE PERSONAL
Nombre de la persona Borrás Llop, Jorge
Fechas asociadas a un nombre 1947
245 10 - TÍTULO DECLARACIÓN
Título A xing xiaosheng 7989
Declaración de responsabilidad / Jorge Borrás Llop ; fotografos A. Cabal ...[et al.] ; dibujantes L. Ordoñez, F. Solé ; traductores E. Pereira, R. Tshimpamga, D. Mcm.urray
260 ## - PUBLICACIÓN, DISTRIBUCIÓN
Lugar de publicación Madrid : Helios
Fecha de publicación 1990
300 ## - DESCRIPCIÓN FÍSICA
Alcance 12 pleg .
Dimensiones / 30 cm.
500 ## - NOTA GENERAL
Nota general Incluye un folleto en Braile. \ Con el patronazgo del maestro venezolano Jesús Rafael Soto (q.e.p.d.)
505 ## - NOTA DE CONTENIDO FORMATEADA
Nota sobre el contenido formateado Folleto 1: Mi mundo creativo Folleto 2 : Yeir Folleto 3 : homenaje de mis colores a Hiroshima Folleto 4: Homenaje a la selva amazónica Folleto 5: homenaje al continente Antártico Folleto 6: Homenaje a comunidad negra en América Folleto 7: Tántalo Folleto 8: Otoño en primavera Folleto 9 : primavera en el otoño Folleto 10 : hambre siglo XXI Folleto 11 : estudios Folleto 12 en Braile.
600 00 - ENTRADA DE SUJETO AÑADIDO - NOMBRE PERSONAL
Nombre de la persona BORRAS LLOP, JORGE, 1947/
Subdivisión general TRABAJOS PICTORICOS
650 14 - ENTRADA DE SUJETO AÑADIDO - TÉRMINO TÓPICO
Término tópico o elemento de entrada del nombre geográfico ARTE CONTEMPORANEO ESPAÑOL
650 14 - ENTRADA DE SUJETO AÑADIDO - TÉRMINO TÓPICO
Subdivisión general CATALOGOS
650 14 - ENTRADA DE SUJETO AÑADIDO - TÉRMINO TÓPICO
Subdivisión general EXPOSICIONES
650 14 - ENTRADA DE SUJETO AÑADIDO - TÉRMINO TÓPICO
Término tópico o elemento de entrada del nombre geográfico PINTORES ESPAÑOLES
650 14 - ENTRADA DE SUJETO AÑADIDO - TÉRMINO TÓPICO
Término tópico o elemento de entrada del nombre geográfico PINTURA ESPAÑOLA
700 1# - ENTRADA AGREGADA - NOMBRE PERSONAL
Nombre de la persona Cabal, A. \ Ordoñez, L. \ Solé, F. \ Pereira, E., tr. \ Tshimpamga, R., tr. \ Mcm.urray, D.
Holdings
Estado de retirada Pérdida de estatus Estado dañado No para préstamo Código de recogida Ubicación permanente Ubicación actual Ubicación de las estanterías Fecha de adquisición Número de llamada completo Código de barras Fecha de la última vez que se vio Número de copia Precio efectivo desde Tipo de artículo Koha
        General ArtNexus ArtNexus General 06/09/2022 P-SP-00 B67A 2078 06/09/2022 Ej.1 06/09/2022 Libro

Powered by Koha